UBT Library

A graphical approach to algebra & trigonometry. (Record no. 43541)

000 -LEADER
fixed length control field 00715cam a22002658i 4500
001 - CONTROL NUMBER
control field 20142639
005 - DATE AND TIME OF LATEST TRANSACTION
control field 20180227033807.0
008 - FIXED-LENGTH DATA ELEMENTS--GENERAL INFORMATION
fixed length control field 171115s2019 mau 001 0 eng
010 ## - LIBRARY OF CONGRESS CONTROL NUMBER
LC control number 2017051939
020 ## - INTERNATIONAL STANDARD BOOK NUMBER
International Standard Book Number 9780134696515 (casebound)
020 ## - INTERNATIONAL STANDARD BOOK NUMBER
International Standard Book Number 0134696514
040 ## - CATALOGING SOURCE
Original cataloging agency DLC
Language of cataloging eng
Description conventions rda
Transcribing agency DLC
041 ## - LANGUAGE CODE
Language code of text/sound track or separate title eng
042 ## - AUTHENTICATION CODE
Authentication code pcc
080 ## - UNIVERSAL DECIMAL CLASSIFICATION NUMBER
Universal Decimal Classification number 512.13 LIA
082 00 - DEWEY DECIMAL CLASSIFICATION NUMBER
Classification number 512.13 LIA
Edition number 23
100 1# - Rafti
Rafti 36
101 ## - Shkurtesa
Shkurtesa MAT
245 12 - TITLE STATEMENT
Title A graphical approach to algebra & trigonometry.
246 3# - VARYING FORM OF TITLE
Title proper/short title Graphical approach to algebra and trigonometry
263 ## - PROJECTED PUBLICATION DATE
Projected publication date 1712
906 ## - LOCAL DATA ELEMENT F, LDF (RLIN)
a 7
b cbc
c orignew
d 1
e ecip
f 20
g y-gencatlg
942 ## - ADDED ENTRY ELEMENTS (KOHA)
Source of classification or shelving scheme
Item type Books
Holdings
Withdrawn status Lost status Source of classification or shelving scheme Damaged status Not for loan Collection code Permanent location Current location Shelving location Date acquired Total Checkouts Full call number Barcode Date last seen Price effective from Koha item type
          Koleksioni i përgjithshem UBT - Lipjan UBT - Lipjan Koleksioni i përgjithshem 02/27/2018   512.13 LIA 002-2999480 02/27/2018 02/27/2018 Books
UBT Library © 2015-2024. All rights reserved University Education for Business and Technology